| 000 | 00640cam a22002291 4500 | ||
|---|---|---|---|
| 001 | sa 66002465 | ||
| 003 | DLC | ||
| 005 | 20260227112229.0 | ||
| 008 | 771215s1965 ii 000 0 eng | ||
| 010 | _asa 66002465 | ||
| 025 | _aPL 480: I-E-5478 | ||
| 035 | _a(OCoLC)3495230 | ||
| 040 |
_aDLC _cNcRS _dOCoLC _dDLC |
||
| 042 | _apremarc | ||
| 050 | 0 | 0 |
_aPS3509.L43 _bW377 |
| 100 | 1 | _aRai, Vikramaditya. | |
| 245 | 1 | 4 |
_aThe waste land; _ba critical study. |
| 250 | _a[1st ed. | ||
| 260 |
_aVaranasi, _bMotilal Banarsidass] _c1965. |
||
| 300 |
_aii, 190 p. _c22 cm. |
||
| 600 | 1 | 0 |
_aEliot, T. S. _q(Thomas Stearns), _d1888-1965. _tWaste land. |
| 999 |
_c68388 _d68388 |
||